000 00675nam a22001817a 4500
999 _c63991
_d63991
005 20260305105910.0
008 260305s1985 enk||||| |||| 00| 0 eng d
020 _a9780029024607x
041 _aeng
080 _a228(520):316.74:2(520) B-41
100 _aBellah, Robert N.
_927053
245 _aTokugawa Religion:
_bThe Cultural Roots of Modern Japan /
_c Robert N. Bellah.
264 _aNew York :
_b Free Press,
_c1985.
300 _a250 p.;
_b22 cm.
653 _aტოკუგავას რელიგია
653 _aთანამედროვე იაპონიის კულტურული ფესვები
942 _2udc
_cᲬᲘᲒᲜᲘ